Countries Starting With Two Consonants - Statistics

General Stats
  • This quiz has been taken 35 times
  • The average score is 17 of 23
Answer Stats
Country % Correct
Brazil
93%
Chile
89%
France
86%
Greece
86%
Spain
86%
Sweden
86%
Switzerland
86%
China
82%
Croatia
82%
Czech Republic
82%
Brunei
79%
Djibouti
79%
Slovakia
79%
Slovenia
79%
Sri Lanka
79%
Bhutan
75%
Thailand
75%
Chad
64%
Grenada
64%
Ghana
61%
Trinidad and Tobago
61%
Philippines
54%
Rwanda
39%
No matching quizzes found
Score Distribution
Percent of People with Each Score
Percentile by Number Answered
Your Score History
You have not taken this quiz